<?xml version='1.0' encoding='UTF-8'?>
  <record xmlns="http://www.loc.gov/MARC21/slim">
    <leader>00000cam a22000007i 4500</leader>
    <controlfield tag="001">ocm65311406</controlfield>
    <controlfield tag="003">OCoLC</controlfield>
    <controlfield tag="005">20250114011937.1</controlfield>
    <controlfield tag="008">900627s1636    ne            000 0 dut d</controlfield>
    <datafield tag="040" ind1=" " ind2=" ">
      <subfield code="a">NLGGC</subfield>
      <subfield code="b">dut</subfield>
      <subfield code="e">fobidrtb</subfield>
      <subfield code="c">NLGGC</subfield>
    </datafield>
    <datafield tag="029" ind1="0" ind2=" ">
      <subfield code="a">NLGGC</subfield>
      <subfield code="b">063466244</subfield>
    </datafield>
    <datafield tag="035" ind1=" " ind2=" ">
      <subfield code="a">(OCoLC)65311406</subfield>
    </datafield>
    <datafield tag="245" ind1="0" ind2="0">
      <subfield code="a">Ordonnantie op de forme ende maniere van procederen voorts aen te houden voor den Gerechte der stadt Utrecht, met begrootinghe der wedden vanden schout ende schepenen, als die ten dienst van partyen worden geemployeert, mitsgaders vant salaris vanden secretaris des voorschreven Gherechts, procureurs, deurweerders ende boden.</subfield>
    </datafield>
    <datafield tag="260" ind1=" " ind2=" ">
      <subfield code="a">Tot Utrecht :</subfield>
      <subfield code="b">gedruckt by Salomon de Roy ...,</subfield>
      <subfield code="c">1636.</subfield>
    </datafield>
    <datafield tag="300" ind1=" " ind2=" ">
      <subfield code="a">34 p. ;</subfield>
      <subfield code="c">20 cm.</subfield>
    </datafield>
    <datafield tag="336" ind1=" " ind2=" ">
      <subfield code="a">tekst</subfield>
      <subfield code="b">txt</subfield>
      <subfield code="2">rdacontent/dut</subfield>
    </datafield>
    <datafield tag="337" ind1=" " ind2=" ">
      <subfield code="a">zonder medium</subfield>
      <subfield code="b">n</subfield>
      <subfield code="2">rdamedia/dut</subfield>
    </datafield>
    <datafield tag="338" ind1=" " ind2=" ">
      <subfield code="a">band</subfield>
      <subfield code="b">nc</subfield>
      <subfield code="2">rdacarrier/dut</subfield>
    </datafield>
    <datafield tag="710" ind1="0" ind2=" ">
      <subfield code="a">Roy, Salomon de (Utrecht)</subfield>
      <subfield code="4">prt</subfield>
      <subfield code="0">(NL-LeOCL)077153502</subfield>
    </datafield>
    <datafield tag="776" ind1="0" ind2=" ">
      <subfield code="t">Ordonnantie op de forme ende maniere van procederen voorts aen te houden voor den Gerechte der stadt Utrecht, met begrootinghe der wedden vanden schout ende schepenen, als die ten dienst van partyen worden geemployeert, mitsgaders vant salaris vanden secretaris des voorschreven Gherechts, procureurs, deurweerders ende boden</subfield>
      <subfield code="w">(NL-LeOCL)425996387</subfield>
    </datafield>
    <datafield tag="936" ind1=" " ind2=" ">
      <subfield code="a">BATCHLOAD</subfield>
    </datafield>
  </record>